Slovenské účtovníctvo v kontexte európskych integračných procesov diplomová práca

Salvato in:
Dettagli Bibliografici
Autore principale: Bestrová, Miriam
Ente Autore: Národohospodárska fakulta EU. Katedra financií
Altri autori: Šabíková, Ingrid
Natura: Libro
Lingua:slovacco
Pubblicazione: Bratislava 2010
Tags: Aggiungi Tag
Nessun Tag, puoi essere il primo ad aggiungerne!!

MARC

LEADER 00000nam$a2200000$$$4500
001 0118866
005 20240318123429.6
041 0 |a slo 
044 |a SK 
245 1 0 |a Slovenské účtovníctvo v kontexte európskych integračných procesov  |b diplomová práca  |c Miriam Bestrová ; škol. Ingrid Šabíková 
264 1 |a Bratislava  |c 2010 
100 1 |a Bestrová, Miriam 
700 1 |a Šabíková, Ingrid 
710 2 |a Národohospodárska fakulta EU. Katedra financií